Ingeniería de construcción pesada: enfoque empresarial

I tiakina i:
Ngā taipitopito rārangi puna kōrero
Kaituhi matua: Ruiz Taviel de Andrade, José Manuel (Author)
Hōputu: Pukapuka
Reo:Pāniora
I whakaputaina: Wilmington Addison-Wesley Iberoamericana 1992
Ngā marau:
Ngā Tūtohu: Tāpirihia he Tūtohu
Kāore He Tūtohu, Me noho koe te mea tuatahi ki te tūtohu i tēnei pūkete!

MARC

LEADER 00000nam a2200000 a 4500
001 UCM1812
003 CL-VaPUC
008 020412e19920000US |||||||||||||||||spa|d
082 0 4 |a 690  |b RUI  |2 21 
100 0 |a Ruiz Taviel de Andrade, José Manuel  |e author  |9 468714 
245 1 0 |a Ingeniería de construcción pesada: enfoque empresarial 
300 |a 112 p 
942 |c BK 
945 |d 20020412 00:00:00  |a cmena 
260 |a Wilmington  |b Addison-Wesley Iberoamericana  |c 1992 
650 7 |a CONSTRUCCION - PROYECTOS DE INVERSION  |2 CL-VaPUC  |9 468715 
650 7 |a MAQUINARIA PESADA  |2 CL-VaPUC  |9 468716 
650 7 |a GESTION DE PROYECTOS DE CONSTRUCCION  |2 CL-VaPUC  |9 468717 
583 |a last modification  |c 20020412 00:00:00  |k Rodrigo Vera 
999 |c 300045  |d 300043 
952 |0 0  |1 0  |4 0  |6 690_000000000000000_RUI_1992  |7 0  |8 A  |9 357323  |a BIBING  |b BIBING  |d 2019-11-21  |i 326016K  |l 1  |o 690 RUI 1992  |p 326016K  |r 2025-01-20  |s 2023-08-07  |w 2019-11-21  |y BK  |k CCL